ბათუმის შოთა რუსთაველის სახელმწიფო უნივერსიტეტის ბიბლიოთეკა

საქართველოს სასურსათო უშიშროება: რეალობა და პროგნოზები (ბიბ.ჩანაწერი № 35349)

000 -LEADER
fixed length control field 00802nam a2200229Ia 4500
001 - CONTROL NUMBER
control field 1202
003 - CONTROL NUMBER IDENTIFIER
control field GE_BSU
008 - FIXED-LENGTH DATA ELEMENTS--GENERAL INFORMATION
fixed length control field 181216s||||||||xx |||||||||||||| ||und||
020 ## - INTERNATIONAL STANDARD BOOK NUMBER
International Standard Book Number 9992807652
040 ## - CATALOGING SOURCE
Transcribing agency GE_BSU
080 ## - UNIVERSAL DECIMAL CLASSIFICATION NUMBER
Universal Decimal Classification number 338.439
100 ## - MAIN ENTRY--PERSONAL NAME
Personal name კოღუაშვილი, პაატა
245 ## - TITLE STATEMENT
Title საქართველოს სასურსათო უშიშროება: რეალობა და პროგნოზები
245 ## - TITLE STATEMENT
Statement of responsibility, etc. რედ.: გიორგი ზიბზიბაძე
260 ## - PUBLICATION, DISTRIBUTION, ETC.
Place of publication, distribution, etc. თბილისი
260 ## - PUBLICATION, DISTRIBUTION, ETC.
Name of publisher, distributor, etc. კოლორი
260 ## - PUBLICATION, DISTRIBUTION, ETC.
Date of publication, distribution, etc. 2004
300 ## - PHYSICAL DESCRIPTION
Extent 272 გვ. 18 სმ.
653 ## - INDEX TERM--UNCONTROLLED
Uncontrolled term სასურსათო საკითხი საქართველოში
942 ## - ADDED ENTRY ELEMENTS (KOHA)
Koha item type წიგნი

არაა ხელმისაწვდომი ეგზემპლარები.